Education in a Multicultural Society: Cross-country Analysis on Neighboring Migration Policy (the Case of Finland and Russia)

Vplyv migrácie na kvalitatívne i kvantitatívne parametre ľudského kapitálu v prijímajúcej krajine. Definovanie parametrov ľudského kapitálu. Odborné vzdelávanie zahraničných pracovných migrantov.

Salvato in:
Dettagli Bibliografici
Autore principale: Přívara, Andrej, 1983-
Natura: Capitolo di libro
Lingua:inglese
Soggetti:
Tags: Aggiungi Tag
Nessun Tag, puoi essere il primo ad aggiungerne!!

MARC

LEADER 00000nla a2200000 4500
001 0236406
005 20250528102735.2
041 0 |a eng 
044 |a TH 
245 1 0 |a Education in a Multicultural Society: Cross-country Analysis on Neighboring Migration Policy (the Case of Finland and Russia)  |c Andrej Přívara 
520 |a Vplyv migrácie na kvalitatívne i kvantitatívne parametre ľudského kapitálu v prijímajúcej krajine. Definovanie parametrov ľudského kapitálu. Odborné vzdelávanie zahraničných pracovných migrantov. 
610 2 0 |a vzdelávanie 
610 2 0 |a kvalifikácia 
610 2 0 |a kapitál ľudský 
610 2 0 |a migrácia 
610 2 0 |a imigrácia 
610 2 0 |a politika migračná 
610 2 0 |a pohyb síl pracovných medzinárodný 
610 2 0 |a cudzinci 
610 2 0 |a multikulturalizmus 
610 2 0 |a porovnanie medzinárodné 
610 2 0 |a Rusko 
610 2 0 |a Fínsko 
610 2 0 |a Európska únia 
100 1 |a Přívara, Andrej, 1983-